000
00300nam a2200121Ia 4500
005
20260328101446.0
008
260328s9999||||xx |||||||||||||| ||und||
100
_a
Galeria Arte Ambiente
245
0
_a
Picasso /
_c
Galeria Arte Ambiente
260
_b
Galeria Arte Ambiente
650
_a
ARTE
942
_c
BK
999
_c
8465
_d
8465